Представление документа в формате RUSMARC

ПолеНазваниеЗначение
  Тип записи a
  Библиографический уровень a
001 Контрольный номер UONB/MAIN/2ffbf9f00e4c4583a5465170aedebd74
005 Дата корректировки 20260508105012.0
100 Данные общей обработки __
a Данные общей обработки 20260508 ||| 0rusy0189 ca
101 Язык документа 0_
a Язык текста rus
102 Страна публикации __
a Страна публикации RU
200 Заглавие и сведения об ответственности 1_
a Заглавие По стопам дедов-победителей
f Первые сведения об ответственности Д. Борисов
203 Вид содержания и тип средства __
a Вид содержания Текст
b Характеристика содержания визуальный
c Тип средства непосредственный
215 Физическое описание __
c Иллюстрации/тип воспроизводства ил., портр.
330 Аннотация __
a Аннотация Кузоватовец Андрей Тутаев - участник СВО на Украине.
461 Уровень набора _0
1 2000
a Кузоватовские вести
463 Уровень физической единицы _0
1 2000
a № 14 (11283) (3 апреля)
v С. 1, 2
1 2101
d 2026
1 001UONB/MAIN/effef7d0d7a64f139dbff66acca86c29
600 Персоналии _1
a Персоналии (Фамилия) Тутаев
b Персоналии (Имя, инициалы) А.
g Полное имя Андрей
607 Географические рубрики __
a Географическое наименование Кузоватово, рабочий поселок (Кузоватовский район ; Ульяновская область)
610 Ключевые слова 0_
a Ключевые слова участники СВО; мотострелки
686 Индексы других классификаций __
2 Код системы rubbk
a Классификационный индекс 68.42
700 Автор _1
a Фамилия Борисов
b Имя (инициалы) Д.
g Полное личное имя Дмитрий
801 Источник записи _0
a Страна RU
b Организация Ульяновская ОНБ
c Дата составления 20260508
g Правила каталогизации RCR
801 Источник записи _1
a Страна RU
b Организация Ульяновская ОНБ
c Дата составления 20260508
g Правила каталогизации RCR
901 Тип документа __
t Тип документа f
w Контрольный № источника UONB/MAIN/effef7d0d7a64f139dbff66acca86c29
909 Создатель записи __
a Создатель записи Мухаметжанова
b Дата создания записи 20260508